[Event "Oslo CC-chB"]
[Site "Oslo"]
[Date "2018.09.13"]
[Round "2"]
[White "Sather, Einar"]
[Black "Selvik, Kjetil"]
[Result "0-1"]
[WhiteElo "1142"]
[BlackElo "1478"]
[PlyCount "92"]
[EventDate "2018.09.06"]
[EventType "swiss"]
[EventRounds "9"]
[EventCountry "NOR"]
[SourceTitle "EXT 2024"]
[Source "ChessBase"]
[SourceDate "2023.10.10"]
[SourceVersion "1"]
[SourceVersionDate "2023.10.10"]
[SourceQuality "1"]

1. g3 d5 2. d4 Nc6 3. Nf3 Nf6 4. Bg2 e6 5. Nc3 Be7 6. 0-0 0-0 7. Bg5 Re8 8. Re1 h6 9. Bxf6 Bxf6 10. e3 Ne7 11. Ne5 Ng6 12. Nxg6 fxg6 13. Qd3 g5 14. Bf3 Rf8 15. Be2 Bd7 16. Qd1 Be8 17. Bg4 Qe7 18. e4 dxe4 19. Nxe4 Bf7 20. Nc5 e5 21. Nd7 Rad8 22. Nxf6+ gxf6 23. c3 Be6 24. Bxe6+ Qxe6 25. Qh5 Kg7 26. Qe2 Rfe8 27. Rad1 e4 28. Qe3 f5 29. b3 Rd7 30. c4 Qf6 31. f3 f4 32. Qf2 e3 33. Qg2 Rxd4 34. Rxd4 Qxd4 35. gxf4 Qxf4 36. Qg3 Rd8 37. Qxf4 gxf4 38. Kh1 Rd2 39. a3 Rf2 40. Rg1+ Kf6 41. Re1 Rxf3 42. Kg2 Rf2+ 43. Kg1 Kf5 44. h3 Kg5 45. Rf1 Rxf1+ 46. Kxf1 f3 0-1